Los cultivos transgénicos destruyen la biodiversidad y la soberanía alimentaria (Registro nro. 19671)

Detalles MARC
000 -CABECERA
Campo de control 00618nam a22001937a 4500
005 - FECHA Y HORA DE LA ULTIMA TRANSACCION
Campo de control 20191224042329.0
008 - ELEMENTOS DE LONGITUD FIJA—INFORMACION GENERAL
Campo de control 170616b ck ||||| |||| 00| 0 spa d
040 ## - FUENTE DE CATALOGACIÓN
Agencia catalogadora original CO-BoIAVH
Agencia transcriptora CO-BoIAVH
041 ## - IDIOMA
Código de idioma para texto/pista de sonido o título separado Español
044 ## - PAÍS DE PUBLICACIÓN
País de publicación Colombia
090 ## - CLASIFICACIÓN LOCAL
Colección FG-
Consecutivo 0240
100 1# - ASIENTO PRINCIPAL--NOMBRE PERSONAL
Nombre personal Vélez, Germán
Término relacionado autor
9 (RLIN) 52182
245 10 - MENCION DE TITULO
Título Los cultivos transgénicos destruyen la biodiversidad y la soberanía alimentaria
260 ## - PUBLICACION, DISTRIBUCION, ETC. (PIE DE IMPRENTA)
Lugar de publicación, distribución, etc. Bogotá:
Nombre del editor, distribuidor, etc. Grupo Semillas,
Fecha de publicación, distribución, etc. 2009.
300 ## - DESCRIPCION FISICA
Extensión 20 páginas:
Otros detalles físicos ilustraciones a color,
Dimensiones 28 x 21 cm
650 1# - ASIENTO SECUNDARIO DE MATERIA - TERMINO TEMATICO
Término temático o nombre geográfico como elemento de entrada Soberanía alimentaria
9 (RLIN) 90507
650 1# - ASIENTO SECUNDARIO DE MATERIA - TERMINO TEMATICO
Término temático o nombre geográfico como elemento de entrada Cultivos transgénicos
9 (RLIN) 13191
942 ## - ELEMENTOS ADICIONALES (KOHA)
Sistema de clasificación Local
Tipo de ítem Folleto
Existencias
Withdrawn status Lost status Sistema de Clasificación Damaged status No para préstamo Colección Ubicación Permanente Ubicación actual Fecha de adquisición Total Checkouts Número topográfico Inventario / Código de Barras Date last seen Ejemplar Price effective from Forma de adquisición Tipo de material
    Local     Hemeroteca Bogotá Bogotá 16/06/2017   FG-0240 041460 16/06/2017 Ej. 1 16/06/2017 Donación Folleto